000 00310nam a2200121Ia 4500
008 190216s9999||||xx |||||||||||||| ||und||
100 _aWilliam Shakespeare
245 0 _aAll`S Will That Ends Well
260 _bWashington Square Press Pvt Ltd
_c1965
300 _a116p
650 _aEnglish Drama
942 _cBK
999 _c12453
_d12453